Fronteras: toward a borderless latin america /
Bewaard in:
| Hoofdauteur: | |
|---|---|
| Coauteur: | |
| Andere auteurs: | |
| Formaat: | Texto |
| Gepubliceerd in: |
Amsterdam:
CEDLA
|
| Onderwerpen: | |
| Tags: |
Voeg label toe
Geen labels, Wees de eerste die dit record labelt!
|
MARC
| LEADER | 00000 a a2200000 04500 | ||
|---|---|---|---|
| 001 | 32045 | ||
| 003 | |||
| 040 | |||
| 020 | |a 90-70280-87-6 | ||
| 090 | |a 199502 | ||
| 100 | |a van Dijck, Pitou | ||
| 110 | |a Centro de Estudios y Documentación Latinoamericanos | ||
| 245 | |a Fronteras: toward a borderless latin america / |c Pitou van Dijck | ||
| 260 | |a Amsterdam: |b CEDLA | ||
| 300 | |a 380 p. | ||
| 650 | |a FRONTERAS | ||
| 650 | |a ESTADO | ||
| 650 | |a ETNICIDAD | ||
| 650 | |a REDES | ||
| 650 | |a GLOBALIZACION | ||
| 650 | |a AMERICA LATINA | ||
| 700 | |a Ouweneel, Arij |a Zoomers, Annelies |a Slater, David |a Baud, Michiel |a van Bath, Slicher |a Dijkstra, Geske |a Silva, Patricio |a Carrieré, Jean |a Vellinga, Menno |a Salman, Tom |a Kleinpenning, Jan |a Banck, Geert |a Dembicz, Andrzej |a Vink, Nico |a Nijenhuis | ||
| 999 | |c 14774 |d 14774 | ||



